| 000 | 00475nam a2200169Ia 4500 | ||
|---|---|---|---|
| 003 | OSt | ||
| 005 | 20260303155201.0 | ||
| 008 | 211028s2005 xx 000 0 und d | ||
| 040 | _cAIMIT LIBRARY | ||
| 041 | _aeng | ||
| 100 |
_aGeorge, Jerry;Pilar, Bharathi. _g299757 _92431 |
||
| 110 |
_aPilar, Bharathi. _92432 |
||
| 245 | _aTransaction data management system / | ||
| 260 |
_aBangalore _c2005 |
||
| 710 |
_aRWRDC, Hindustan Aeronautical Limited _92433 |
||
| 942 |
_2ddc _cPRO |
||
| 999 |
_c216895 _d216895 |
||